| Поле | Название | Значение |
| |
Тип записи |
a |
| |
Библиографический уровень |
s |
| 001 |
Контрольный номер |
RU/CBS_UL/BASE/570890329 |
| 005 |
Дата корректировки |
20240209175221.0 |
| 100 |
Данные общей обработки |
__ |
| a |
Данные общей обработки |
20180705d2018 ||| 0rusy01 89 ca |
| 101 |
Язык документа |
0_ |
| a |
Язык текста |
rus |
| 110 |
Кодированные данные: продолжающиеся ресурсы |
__ |
| a |
Кодированные данные продолжающихся ресурсов |
afazz 0yz0 |
| 200 |
Заглавие и сведения об ответственности |
1_ |
| a |
Заглавие |
Школа модниц |
| 801 |
Источник записи |
_0 |
| a |
Страна |
RU |
| b |
Организация |
МБУК ЦБС г.Ульяновска |
| c |
Дата составления |
20180705 |
| g |
Правила каталогизации |
RCR |
| 801 |
Источник записи |
_1 |
| a |
Страна |
RU |
| b |
Организация |
МБУК ЦБС г.Ульяновска |
| c |
Дата составления |
20180705 |
| g |
Правила каталогизации |
RCR |
| 901 |
Тип документа |
__ |
| t |
Тип документа |
u |
| 910 |
Корректоры записи |
__ |
| a |
Корректор записи |
Нецеевский |
| 938 |
Служебная информация |
__ |
| a |
Имя БД |
period |